=LDR 00000nam 2200000 4500 =001 INLIS000000000031001 =005 20221114081319 =035 ##$$a 0010-061300000031001 =008 221114################g##########0#ind## =041 ##$$a ind =082 ##$$a 813 =090 ##$$a 813 k, Fat s =100 ##$$a Fathiyyah, Zarqa =245 1#$$a Selamat jalan Dani ! : $b Novel Anak Islam /$c Zarqa' Fathiyyah =260 ##$$a Yogyakarta :$b Mitra bocah muslim,$c 2009 =300 ##$$a 112 hlm : $b Ilus ; $c 17 cm =650 #4$$a Fiksi Indonesia Kanak-kanak =850 ##$$a NBPNMAT =084 ##$$a 813 FAT s =990 ##$$a 20901975 =990 ##$$a 20901976 =990 ##$$a 20901974